Soviet economic growth : conditions and perspectives /

Đã lưu trong:
Chi tiết về thư mục
Tác giả khác: Bergson, Abram
Định dạng: Sách
Ngôn ngữ:English
Được phát hành: Evanston, Ill. : Row, Peterson, [1953].
Những chủ đề:
LEADER 01188nam a2200253 a 4500
001 c000117703
003 CARM
005 20000418105035.0
008 910902s1953 ilu 000 eng S
019 1 |a 8756216  |z 28313315  |z 8794286  |5 LACONCORD2021 
035 |a (OCoLC)349177  |5 LACONCORD2021 
040 |a SFU  |b eng  |c SFU  |d ABN-SNR 
245 0 0 |a Soviet economic growth :  |b conditions and perspectives /  |c Abram Bergson, ed. 
260 |a Evanston, Ill. :  |b Row, Peterson,  |c [1953]. 
300 |a viii, 376p. 
500 |a Rev. form of proceedings of a conference held at Arden House, Harriman, N.Y., May 23-25, 1952, organized under the sponsorship of the Joint Committee on Slavic Studies of the American Council of Learned Societies and the Social Science Research Council. 
650 0 |a Labor supply  |z Soviet Union. 
651 0 |a Soviet Union  |x Economic conditions. 
651 0 |a Soviet Union  |x Population. 
700 1 |a Bergson, Abram. 
852 8 |b CARM  |h A2:AJ33F0  |i C04728  |p 0187598  |f BK 
082 0 |a 330.947 
999 f f |i 6d2e53f8-3218-5476-885c-b5853ceb4b16  |s 4322cd1f-d039-5974-b736-d36522261b23 
952 f f |p Can circulate  |a CAVAL  |b CAVAL  |c CAVAL  |d CARM 1 Store  |e C04728  |f A2:AJ33F0  |h Other scheme  |i book  |m 0187598